[Event "Hastings 8687"]
[Site "Hastings"]
[Date "1986.??.??"]
[Round "?"]
[White "Adorjan, Andras"]
[Black "Hodgson, Julian"]
[Result "1-0"]
[WhiteElo "2560"]
[BlackElo "2500"]
[PlyCount "128"]
[EventDate "1986.12.??"]
[EventType "tourn"]
[EventRounds "13"]
[EventCountry "ENG"]
[EventCategory "10"]
[Source "ChessBase"]
[SourceDate "1988.06.01"]
[WhiteTeamCountry "CUB"]
[BlackTeamCountry "HUN"]

1. c4 e5 2. Nc3 Bb4 3. Nd5 Ba5 4. b4 c6 5. bxa5 cxd5 6. cxd5 Qxa5 7. Qb3 Nf6 8.
Nf3 d6 9. Ba3 Ne4 10. e3 Nd7 11. Bb5 O-O 12. O-O Ndc5 13. Qb4 Qxb4 14. Bxb4 a6
15. Be2 Bg4 16. h3 Bxf3 17. Bxf3 Nf6 18. Rfb1 b5 19. a4 e4 20. Bd1 h6 21. axb5
axb5 22. Be2 Rxa1 23. Rxa1 Rb8 24. Ra5 Nxd5 25. Bxc5 dxc5 26. Bxb5 Nb6 27. Kf1
Rd8 28. Ke1 Rd6 29. Ra7 Kf8 30. Rc7 g6 31. Rxc5 Rd5 32. Rxd5 Nxd5 33. Kd1 Ke7
34. Kc2 f5 35. Kb3 Kd6 36. Kc4 Ke5 37. Kc5 g5 38. f3 Nf6 39. Bc6 h5 40. g3 exf3
41. d4+ Ke6 42. Bxf3 g4 43. Bg2 gxh3 44. Bxh3 Ne4+ 45. Kc6 Nf6 46. Bg2 Ke7 47.
d5 Kd8 48. Kc5 Ke7 49. Kc6 Kd8 50. Kc5 Ke7 51. Kd4 Kd6 52. Bf3 Nh7 53. Bxh5 Ng5
54. Bg6 Nf3+ 55. Kc3 Kxd5 56. Bxf5 Ke5 57. g4 Ng5 58. Kd3 Nf7 59. Bg6 Ng5 60.
Ke2 Kf6 61. Bf5 Ke5 62. Kf2 Nf7 63. Kf3 Nd8 64. Kg3 Nc6 1-0

[Event "Hastings 8687"]
[Site "Hastings"]
[Date "1986.??.??"]
[Round "?"]
[White "Conquest, Stuart"]
[Black "Adorjan, Andras"]
[Result "1/2-1/2"]
[WhiteElo "2430"]
[BlackElo "2560"]
[PlyCount "102"]
[EventDate "1986.12.??"]
[EventType "tourn"]
[EventRounds "13"]
[EventCountry "ENG"]
[EventCategory "10"]
[Source "ChessBase"]
[SourceDate "1988.06.01"]
[WhiteTeamCountry "CUB"]
[BlackTeamCountry "HUN"]

1. d4 Nf6 2. c4 e6 3. Nf3 b6 4. Bf4 Bb7 5. e3 Be7 6. h3 O-O 7. Nc3 d5 8. cxd5
Nxd5 9. Nxd5 Qxd5 10. Bd3 c5 11. e4 Qd7 12. O-O cxd4 13. Rc1 Na6 14. Ne5 Qd8
15. Bb5 Nc5 16. Rc4 f6 17. Nc6 Bxc6 18. Bxc6 e5 19. b4 Rc8 20. Bd5+ Kh8 21. Bd2
Nd3 22. Qb3 Nf4 23. Bxf4 Rxc4 24. Qxc4 exf4 25. Rc1 Qd6 26. Qxd4 Qxb4 27. Qxb4
Bxb4 28. Rc7 a5 29. Kf1 Bc5 30. Ke2 g6 31. h4 Rd8 32. h5 gxh5 33. Kf3 f5 34.
Rf7 fxe4+ 35. Kxe4 Bxf2 36. Rxf4 Bc5 37. Rf7 h4 38. Ke5 h6 39. a4 Rg8 40. Be4
Rg5+ 41. Ke6 Rg4 42. Kf5 h5 43. Ke5 Kg8 44. Bd5 Bd4+ 45. Kf5 Kh8 46. Rd7 Bc5
47. Bc6 Kg8 48. Kf6 Bd4+ 49. Kf5 Bc5 50. Kf6 Bd4+ 51. Kf5 Bc5 1/2-1/2

[Event "Hastings 8687"]
[Site "Hastings"]
[Date "1986.??.??"]
[Round "?"]
[White "Large, Peter G"]
[Black "Adorjan, Andras"]
[Result "1-0"]
[WhiteElo "2370"]
[BlackElo "2560"]
[PlyCount "106"]
[EventDate "1986.12.??"]
[EventType "tourn"]
[EventRounds "13"]
[EventCountry "ENG"]
[EventCategory "10"]
[Source "ChessBase"]
[SourceDate "1988.06.01"]
[WhiteTeamCountry "CUB"]
[BlackTeamCountry "HUN"]

1. e4 c5 2. Nf3 e6 3. Nc3 d6 4. d4 cxd4 5. Nxd4 Nf6 6. f4 a6 7. Qf3 Nbd7 8. Bd3
e5 9. Nde2 Be7 10. O-O O-O 11. a4 Nc5 12. f5 b6 13. Bg5 Bb7 14. Bxf6 Bxf6 15.
Bc4 b5 16. Bd5 Bxd5 17. Nxd5 Nxa4 18. Qg4 Nb6 19. Nxb6 Qxb6+ 20. Kh1 b4 21. Ng3
Qe3 22. Nh5 Qg5 23. Qe2 Bd8 24. Rfd1 g6 25. Ng3 Bb6 26. Rxd6 Bd4 27. Rdxa6 Rxa6
28. Qxa6 Bxb2 29. Rf1 Bd4 30. Qc4 Qd2 31. Qc6 Bc3 32. Qf6 Qd8 33. Qc6 Qg5 34.
Qd6 Qd2 35. Qf6 Qd8 36. Qc6 Bd2 37. Rd1 Qg5 38. Qd6 Bc3 39. f6 Bd4 40. Rf1 h5
41. Qxb4 Qe3 42. Qb1 Rc8 43. Qd1 Bb6 44. Rf3 Qc5 45. c3 Rd8 46. Qc1 h4 47. Ne2
Qa3 48. Qb1 Qb2 49. Qe1 Qd2 50. Rf1 Qxe1 51. Rxe1 Rd3 52. h3 Re3 53. Rb1 Rxe2
1-0

[Event "Hastings 8687"]
[Site "Hastings"]
[Date "1986.??.??"]
[Round "?"]
[White "Lputian, Smbat"]
[Black "Adorjan, Andras"]
[Result "1/2-1/2"]
[WhiteElo "2520"]
[BlackElo "2560"]
[PlyCount "82"]
[EventDate "1986.12.??"]
[EventType "tourn"]
[EventRounds "13"]
[EventCountry "ENG"]
[EventCategory "10"]
[Source "ChessBase"]
[SourceDate "1988.06.01"]
[WhiteTeamCountry "CUB"]
[BlackTeamCountry "HUN"]

1. d4 Nf6 2. c4 e6 3. Nf3 b6 4. Nc3 Bb7 5. a3 d5 6. cxd5 Nxd5 7. Qc2 Nxc3 8.
bxc3 c5 9. e4 Nd7 10. Bf4 Be7 11. d5 exd5 12. exd5 O-O 13. Rd1 g5 14. Be3 g4
15. Nd2 f5 16. h3 f4 17. hxg4 Bh4 18. Nf3 fxe3 19. Rxh4 exf2+ 20. Qxf2 Qe7+ 21.
Qe2 Qg7 22. Qe6+ Kh8 23. Bd3 Rae8 24. Rxh7+ Qxh7 25. Bxh7 Kxh7 26. Ng5+ Kg7 27.
Kd2 Rxe6 28. Nxe6+ Kg8 29. Nxf8 Kxf8 30. c4 b5 31. cxb5 Bxd5 32. Kc3 Nb6 33.
Rxd5 Nxd5+ 34. Kc4 Nb6+ 35. Kxc5 Kf7 36. Kc6 Na4 37. Kb7 Nc3 38. Ka6 Kf6 39.
Ka5 Kg5 40. a4 Nd5 41. Ka6 Nb6 1/2-1/2

[Event "Hastings 8687"]
[Site "Hastings"]
[Date "1986.??.??"]
[Round "?"]
[White "Mestel, Jonathan"]
[Black "Adorjan, Andras"]
[Result "1/2-1/2"]
[WhiteElo "2505"]
[BlackElo "2560"]
[PlyCount "23"]
[EventDate "1986.12.??"]
[EventType "tourn"]
[EventRounds "13"]
[EventCountry "ENG"]
[EventCategory "10"]
[Source "ChessBase"]
[SourceDate "1988.06.01"]
[WhiteTeamCountry "CUB"]
[BlackTeamCountry "HUN"]

1. e4 c5 2. Nf3 e6 3. d4 cxd4 4. Nxd4 Nf6 5. Nc3 d6 6. f4 a6 7. Qf3 Nbd7 8. Be3
e5 9. Nb3 exf4 10. Qxf4 Ne5 11. O-O-O Be7 12. Be2 1/2-1/2

[Event "Hastings 8687"]
[Site "Hastings"]
[Date "1986.??.??"]
[Round "?"]
[White "Plaskett, Jim"]
[Black "Adorjan, Andras"]
[Result "1/2-1/2"]
[WhiteElo "2450"]
[BlackElo "2560"]
[PlyCount "50"]
[EventDate "1986.12.??"]
[EventType "tourn"]
[EventRounds "13"]
[EventCountry "ENG"]
[EventCategory "10"]
[Source "ChessBase"]
[SourceDate "1988.06.01"]
[WhiteTeamCountry "CUB"]
[BlackTeamCountry "HUN"]

1. Nf3 c5 2. g3 b6 3. Bg2 Bb7 4. O-O g6 5. c4 Bg7 6. Nc3 Nf6 7. d4 cxd4 8. Qxd4
d6 9. b3 Nbd7 10. Bb2 Rc8 11. Rfd1 O-O 12. Qe3 a6 13. Nd4 Bxg2 14. Kxg2 Re8 15.
Rac1 Rc5 16. h3 Qc8 17. Ba3 Rc7 18. Nd5 Qb7 19. Qf3 Nxd5 20. Qxd5 Rec8 21. Qxb7
Rxb7 22. Nc2 b5 23. Nb4 bxc4 24. Nd5 Nb6 25. Nxb6 Rxb6 1/2-1/2

[Event "Geneve "]
[Site "Geneve"]
[Date "1987.??.??"]
[Round "?"]
[White "Levitt, Jonathan"]
[Black "Adorjan, Andras"]
[Result "1-0"]
[WhiteElo "2430"]
[BlackElo "2560"]
[PlyCount "83"]
[EventDate "1987.??.??"]
[EventType "tourn"]
[EventRounds "11"]
[EventCountry "SUI"]
[Source "ChessBase"]
[SourceDate "2001.11.25"]
[WhiteTeamCountry "CUB"]
[BlackTeamCountry "HUN"]

1. d4 e6 2. c4 Nf6 3. Nf3 b6 4. Nc3 Bb4 5. Bg5 Bb7 6. e3 h6 7. Bh4 Bxc3+ 8.
bxc3 d6 9. Bd3 Nbd7 10. O-O Qe7 11. Nd2 g5 12. Bg3 h5 13. h4 Ng4 14. hxg5 Qxg5
15. Nf3 Qg7 16. Qe2 O-O-O 17. Nh4 Nf8 18. a4 Ng6 19. f3 Nxh4 20. Bxh4 Nf6 21.
a5 Rdg8 22. axb6 axb6 23. Ra7 Qh6 24. Rfa1 Rg7 25. Ra8+ Bxa8 26. Rxa8+ Kd7 27.
Rxh8 Qxh8 28. Bxf6 Rxg2+ 29. Qxg2 Qxf6 30. Qg3 h4 31. Qg4 Qh6 32. f4 Qh8 33.
Qf3 c6 34. Be2 Qa8 35. Qh5 Qa1+ 36. Kf2 Ke8 37. Qh8+ Kd7 38. Qf8 Qh1 39. Qxf7+
Kd8 40. Qg8+ Ke7 41. Qg7+ Kd8 42. Qg2 1-0

[Event "New York op"]
[Site "New York"]
[Date "1987.??.??"]
[Round "?"]
[White "Adorjan, Andras"]
[Black "Portisch, Lajos"]
[Result "1/2-1/2"]
[WhiteElo "2560"]
[BlackElo "2610"]
[PlyCount "33"]
[EventDate "1987.??.??"]
[EventType "swiss"]
[EventCountry "USA"]
[Source "ChessBase"]
[SourceDate "1988.02.01"]
[WhiteTeamCountry "CUB"]
[BlackTeamCountry "HUN"]

1. d4 Nf6 2. Nf3 e6 3. c4 c5 4. d5 exd5 5. cxd5 d6 6. Nc3 g6 7. g3 Bg7 8. Bg2
O-O 9. O-O a6 10. a4 Nbd7 11. Bf4 Qe7 12. h3 h6 13. e4 g5 14. Bd2 Nh7 15. Qc2
Re8 16. Rae1 Qd8 17. Nd1 1/2-1/2

[Event "New York op"]
[Site "New York"]
[Date "1987.??.??"]
[Round "?"]
[White "Adorjan, Andras"]
[Black "Shirazi, Kamran"]
[Result "1-0"]
[WhiteElo "2560"]
[BlackElo "2460"]
[PlyCount "85"]
[EventDate "1987.??.??"]
[EventType "swiss"]
[EventCountry "USA"]
[Source "ChessBase"]
[SourceDate "1988.02.01"]
[WhiteTeamCountry "CUB"]
[BlackTeamCountry "HUN"]

1. c4 Nf6 2. Nc3 d6 3. Nf3 Bg4 4. d4 e6 5. g3 Bxf3 6. exf3 d5 7. Qb3 Nc6 8.
cxd5 Nxd5 9. Qxb7 Nxd4 10. Bb5+ Nxb5 11. Qc6+ Ke7 12. Qxb5 Qd7 13. Qb7 Rd8 14.
O-O c6 15. Qa6 Ke8 16. Rd1 Bc5 17. Be3 Bxe3 18. fxe3 Qc7 19. Nxd5 Rxd5 20. Qa3
Qb6 21. Kg2 Qc5 22. Qb3 Rxd1 23. Rxd1 Ke7 24. Rd4 Rd8 25. Qb7+ Ke8 26. Rxd8+
Kxd8 27. Qxf7 Qxe3 28. Qf8+ Kc7 29. Qxg7+ Kb6 30. Qf6 Kb5 31. h4 e5 32. Qf7 Ka4
33. Qc4+ Ka5 34. Qc3+ Qxc3 35. bxc3 Kb5 36. f4 exf4 37. gxf4 Kc4 38. Kf3 Kd5
39. Kg4 Ke4 40. Kg5 c5 41. c4 a5 42. f5 Ke5 43. a4 1-0

[Event "New York op"]
[Site "New York"]
[Date "1987.??.??"]
[Round "?"]
[White "Akhsharumova, Anna"]
[Black "Adorjan, Andras"]
[Result "0-1"]
[WhiteElo "2290"]
[BlackElo "2560"]
[PlyCount "132"]
[EventDate "1987.??.??"]
[EventType "swiss"]
[EventCountry "USA"]
[Source "ChessBase"]
[SourceDate "1988.02.01"]
[WhiteTeamCountry "CUB"]
[BlackTeamCountry "HUN"]

1. d4 Nf6 2. c4 e6 3. Nf3 b6 4. Nc3 Bb7 5. a3 d5 6. cxd5 Nxd5 7. Qc2 Nxc3 8.
bxc3 c5 9. e4 Nd7 10. Bf4 Be7 11. Bd3 O-O 12. O-O Rc8 13. Qe2 Nf6 14. Rfe1 cxd4
15. cxd4 Rc3 16. a4 Qa8 17. Bd2 Rxd3 18. Qxd3 Bxe4 19. Qe2 h6 20. Rac1 Bxf3 21.
Qxf3 Qxf3 22. gxf3 Nd5 23. Rc6 Rd8 24. Be3 Rd7 25. Kg2 Kh7 26. f4 Kg6 27. Kf3
Kf5 28. Rb1 Bb4 29. Rb2 g6 30. Rb3 h5 31. Rb2 Kf6 32. Rb3 Ke7 33. Bc1 Bd6 34.
Ba3 Bxa3 35. Rxa3 Kf6 36. Ke4 Ne7 37. Rc2 Nf5 38. Rd3 Rd5 39. Rdd2 Ra5 40. Ra2
Ne7 41. Rdc2 Rf5 42. Ra3 Nd5 43. Rf3 Kg7 44. Rc4 Nf6+ 45. Kd3 g5 46. Re3 Rxf4
47. d5 Rxc4 48. Kxc4 Nxd5 49. Ra3 g4 50. a5 Kg6 51. Kb5 bxa5 52. Rxa5 Nc3+ 53.
Kc4 Ne4 54. Ra2 Ng5 55. Ra1 Nf3 56. Rh1 h4 57. Kd3 Kg5 58. Ke2 h3 59. Rc1 Nxh2
60. Rc7 f5 61. Rh7 e5 62. Rh8 Nf3 63. Kf1 e4 64. Rh7 Kf4 65. Rh8 e3 66. fxe3+
Kg3 0-1

[Event "New York op"]
[Site "New York"]
[Date "1987.??.??"]
[Round "?"]
[White "Dlugy, Maxim"]
[Black "Adorjan, Andras"]
[Result "0-1"]
[WhiteElo "2520"]
[BlackElo "2560"]
[PlyCount "78"]
[EventDate "1987.??.??"]
[EventType "swiss"]
[EventCountry "USA"]
[Source "ChessBase"]
[SourceDate "1988.02.01"]
[WhiteTeamCountry "CUB"]
[BlackTeamCountry "HUN"]

1. d4 Nf6 2. c4 e6 3. Nf3 b6 4. g3 Ba6 5. Qa4 Bb7 6. Bg2 c5 7. dxc5 Bxc5 8. O-O
O-O 9. Nc3 Be7 10. Bf4 Na6 11. Rad1 Nc5 12. Qc2 Qc8 13. Nb5 Nce4 14. Nfd4 a6
15. Nc7 Ra7 16. f3 g5 17. fxe4 gxf4 18. Nd5 exd5 19. exd5 Nh5 20. Nf5 Kh8 21.
Kh1 Qe8 22. gxf4 d6 23. e4 f6 24. Qc3 Bc8 25. Nd4 Bd8 26. Rde1 Rg7 27. Nf5 Bxf5
28. exf5 Qf7 29. Rf2 Rfg8 30. Qe3 b5 31. c5 Ba5 32. Rc1 Bb4 33. c6 Bc5 34. Rxc5
dxc5 35. Qe6 Qa7 36. d6 c4 37. Qe2 Qd4 38. Qd2 Qe4 39. d7 Qb1+ 0-1

[Event "New York op"]
[Site "New York"]
[Date "1987.??.??"]
[Round "?"]
[White "Murey, Jacob"]
[Black "Adorjan, Andras"]
[Result "0-1"]
[WhiteElo "2505"]
[BlackElo "2560"]
[PlyCount "80"]
[EventDate "1987.??.??"]
[EventType "swiss"]
[EventCountry "USA"]
[Source "ChessBase"]
[SourceDate "1988.02.01"]
[WhiteTeamCountry "CUB"]
[BlackTeamCountry "HUN"]

1. e4 c5 2. Nf3 e6 3. d4 cxd4 4. Nxd4 Nf6 5. Nc3 d6 6. Bg5 Be7 7. Ndb5 O-O 8.
Bxf6 Bxf6 9. Qxd6 a6 10. Qxd8 Rxd8 11. Na3 b5 12. Nd1 Bb7 13. f3 Nd7 14. c3 Nc5
15. Rc1 Bh4+ 16. Nf2 f5 17. g3 Be7 18. b4 fxe4 19. bxc5 exf3 20. Nc2 Bxc5 21.
Bh3 Bxf2+ 22. Kxf2 Rd2+ 23. Kf1 e5 24. Ne3 Rad8 25. c4 Be4 26. Bf5 Bxf5 27.
Nxf5 bxc4 28. Ne7+ Kf8 29. Nc6 R8d5 30. h4 e4 31. Nb4 Rd6 32. Rh3 e3 33. Re1
Rd1 34. Nc2 f2 35. g4 fxe1=Q+ 36. Nxe1 Rf6+ 37. Ke2 Rd2+ 38. Kxe3 Rxa2 39. Kd4
Re2 40. Rh1 Rf4+ 0-1

[Event "New York op"]
[Site "New York"]
[Date "1987.??.??"]
[Round "?"]
[White "Smyslov, Vassily"]
[Black "Adorjan, Andras"]
[Result "1/2-1/2"]
[WhiteElo "2550"]
[BlackElo "2560"]
[PlyCount "27"]
[EventDate "1987.??.??"]
[EventType "swiss"]
[EventCountry "USA"]
[Source "ChessBase"]
[SourceDate "1988.02.01"]
[WhiteTeamCountry "CUB"]
[BlackTeamCountry "HUN"]

1. d4 Nf6 2. Nf3 e6 3. c4 b6 4. g3 Ba6 5. b3 Bb4+ 6. Bd2 Be7 7. Nc3 O-O 8. e4
Bb7 9. e5 Ne4 10. Nxe4 Bxe4 11. Bg2 d5 12. exd6 cxd6 13. O-O Nd7 14. Re1
1/2-1/2

[Event "Pinerolo op"]
[Site "Pinerolo"]
[Date "1987.??.??"]
[Round "?"]
[White "Suba, Mihai"]
[Black "Adorjan, Andras"]
[Result "1-0"]
[WhiteElo "2560"]
[BlackElo "2560"]
[PlyCount "127"]
[EventDate "1987.??.??"]
[EventType "swiss"]
[EventRounds "7"]
[EventCountry "ITA"]
[Source "ChessBase"]
[SourceDate "2001.11.25"]
[WhiteTeamCountry "CUB"]
[BlackTeamCountry "HUN"]

1. c4 c5 2. Nf3 Nf6 3. Nc3 b6 4. e4 Nc6 5. d4 cxd4 6. Nxd4 Bb7 7. f3 Qb8 8. Be3
e6 9. Qd2 Be7 10. O-O-O O-O 11. g4 Rd8 12. g5 Nh5 13. Ndb5 Ne5 14. Be2 Qc8 15.
c5 d5 16. cxd6 Bf8 17. f4 Nc4 18. Bxc4 Qxc4 19. Rhe1 Rac8 20. d7 Rb8 21. Qe2
Qxe2 22. Rxe2 a6 23. Nc7 Bc6 24. Nxa6 Rb7 25. Red2 b5 26. a3 Rbxd7 27. Rxd7
Rxd7 28. Rxd7 Bxd7 29. Kd2 h6 30. b4 hxg5 31. fxg5 Bd6 32. h4 Bg3 33. Nc5 Be8
34. Nb7 f5 35. exf5 exf5 36. Ne2 f4 37. Bc5 Bxh4 38. Nd6 Bd7 39. Nd4 Bxg5 40.
N4xb5 f3+ 41. Ke1 Nf4 42. Kf2 Bc6 43. Na7 Bh4+ 44. Kf1 Ba4 45. Bf2 Bf6 46. b5
Bc2 47. b6 Be5 48. Nab5 Bd3+ 49. Ke1 Bxb5 50. Nxb5 Nd3+ 51. Kf1 Kf7 52. a4 g5
53. a5 Nb4 54. Nc7 g4 55. a6 Nxa6 56. Nxa6 g3 57. Be3 Ke6 58. b7 Kf5 59. b8=Q
Bxb8 60. Nxb8 Kg4 61. Nc6 Kh3 62. Nd4 Kh2 63. Nxf3+ Kh1 64. Bd4 1-0

[Event "Seville op"]
[Site "Seville"]
[Date "1987.??.??"]
[Round "?"]
[White "Adorjan, Andras"]
[Black "Ochoa de Echaguen, F Javier"]
[Result "1-0"]
[WhiteElo "2560"]
[BlackElo "2430"]
[PlyCount "83"]
[EventDate "1987.??.??"]
[EventType "swiss"]
[EventRounds "9"]
[EventCountry "ESP"]
[Source "ChessBase"]
[SourceDate "1998.11.10"]
[WhiteTeamCountry "CUB"]
[BlackTeamCountry "HUN"]

1. d4 Nf6 2. Nf3 e6 3. Bg5 d5 4. Nbd2 Be7 5. e3 b6 6. c3 Bb7 7. Bb5+ c6 8. Bd3
Nbd7 9. O-O c5 10. Ne5 Nxe5 11. dxe5 Nd7 12. Bxe7 Qxe7 13. f4 f5 14. exf6 gxf6
15. Qh5+ Qf7 16. Qxf7+ Kxf7 17. Rad1 Rag8 18. Rf2 Rg7 19. Bb5 Ke7 20. e4 Kd8
21. exd5 exd5 22. Nf1 Re8 23. Ng3 Rge7 24. Rfd2 a6 25. Bf1 Nf8 26. Bc4 Ng6 27.
Bxd5 Bxd5 28. Rxd5+ Kc7 29. Rf1 Re1 30. Rf5 R1e6 31. Rh5 R6e7 32. Rh6 Rd8 33.
f5 Ne5 34. Rxf6 Rd2 35. Re6 Rxe6 36. fxe6 Nc6 37. Rf7+ Kd8 38. Nf5 Re2 39. Rd7+
Kc8 40. Nd6+ Kb8 41. Rb7+ Ka8 42. Rc7 1-0

[Event "Seville op"]
[Site "Seville"]
[Date "1987.??.??"]
[Round "?"]
[White "Adorjan, Andras"]
[Black "Palacios, Antonio"]
[Result "1-0"]
[WhiteElo "2560"]
[BlackElo "2335"]
[PlyCount "61"]
[EventDate "1987.??.??"]
[EventType "swiss"]
[EventRounds "9"]
[EventCountry "ESP"]
[Source "ChessBase"]
[SourceDate "1998.11.10"]
[WhiteTeamCountry "CUB"]
[BlackTeamCountry "HUN"]

1. d4 Nf6 2. Nf3 g6 3. c4 Bg7 4. g3 O-O 5. Bg2 c5 6. Nc3 cxd4 7. Nxd4 Nc6 8.
O-O Nxd4 9. Qxd4 d6 10. Qd3 Nd7 11. b3 Nc5 12. Qd2 Bf5 13. Bb2 Qd7 14. Nd5 e5
15. Rad1 Rad8 16. Qg5 Kh8 17. Qh4 f6 18. f4 h6 19. fxe5 fxe5 20. Bc1 Kh7 21.
Bg5 Rde8 22. Nf6+ Bxf6 23. Qxh6+ Kg8 24. Bd5+ Ne6 25. Bxf6 Qh7 26. Bg5 Rf7 27.
Rf2 b6 28. Bc6 Qxh6 29. Bxh6 Rd8 30. Bd5 Kh7 31. g4 1-0

[Event "Szirak Interzonal"]
[Site "Szirak"]
[Date "1987.??.??"]
[Round "2"]
[White "Adorjan, Andras"]
[Black "Salov, Valery"]
[Result "0-1"]
[WhiteElo "2540"]
[BlackElo "2575"]
[Annotator "Ftacnik,L"]
[PlyCount "82"]
[EventDate "1987.07.??"]
[EventType "tourn"]
[EventRounds "17"]
[EventCountry "HUN"]
[EventCategory "12"]
[Source "ChessBase"]
[SourceDate "1988.04.01"]
[WhiteTeamCountry "CUB"]
[BlackTeamCountry "HUN"]

1. d4 Nf6 2. Nf3 e6 3. c4 Bb4+ 4. Bd2 c5 5. Bxb4 cxb4 6. g3 b6 7. Bg2 Bb7 8.
O-O O-O 9. Nbd2 a5 10. Re1 d6 11. e4 Nfd7 (11... Re8 12. e5 dxe5 13. dxe5 Nfd7
14. Ne4 $1 Bxe4 15. Rxe4 Nc6 16. Nd4 $5 (16. Qd6 $2 Ndxe5) 16... Ncxe5 17. f4
Ng6 18. Nb5 $44) 12. Qc2 e5 13. Rad1 Nc6 14. Nf1 Qc7 15. Ne3 Ne7 16. dxe5 (16.
Rd2 $5) 16... dxe5 (16... Nxe5 $2 17. Nd4 $16) 17. Nd5 Nxd5 18. exd5 Rae8 $1
19. Ng5 (19. Bh3 $1 Nf6 $1 $13 {[]} (19... Nc5 $2 20. d6 $1 Qc6 21. Rd5 $1 f6
22. Bf5 $40)) 19... g6 20. b3 (20. Qe4 Nc5 21. Qh4 f6) 20... Nc5 $10 21. h4 (
21. Ne4 $10) 21... Qd6 22. Rd2 Bc8 23. Qd1 (23. Ne4 $142) 23... Kg7 (23... Bf5
$1) 24. Qa1 Bf5 $1 25. f4 f6 $15 26. fxe5 Rxe5 27. Rxe5 Qxe5 28. Qxe5 fxe5 29.
Kh2 $6 (29. Re2 $15) 29... h6 30. Nh3 $6 e4 31. d6 Rd8 32. Nf4 g5 33. Ne2 Bg4
$1 {/\ 34.Nd4? e3-+} 34. Nc1 e3 (34... Kf6 {/\ e3-+}) 35. Rd5 e2 36. Re5 Kf6 $6
37. Re3 Rxd6 38. Nxe2 $2 (38. Bd5 $1 b5 $17 {Salov}) 38... Rd2 39. Nc1 Rd1 40.
Ne2 Rd2 41. Nc1 Kg6 $1 0-1

[Event "Szirak Interzonal"]
[Site "Szirak"]
[Date "1987.??.??"]
[Round "4"]
[White "Adorjan, Andras"]
[Black "Beliavsky, Alexander"]
[Result "1/2-1/2"]
[WhiteElo "2540"]
[BlackElo "2620"]
[PlyCount "25"]
[EventDate "1987.07.??"]
[EventType "tourn"]
[EventRounds "17"]
[EventCountry "HUN"]
[EventCategory "12"]
[Source "ChessBase"]
[SourceDate "1988.04.01"]
[WhiteTeamCountry "CUB"]
[BlackTeamCountry "HUN"]

1. c4 e6 2. Nf3 d5 3. d4 Nf6 4. Nc3 Be7 5. Bg5 h6 6. Bxf6 Bxf6 7. e3 O-O 8. Rc1
c6 9. Bd3 Nd7 10. O-O dxc4 11. Bxc4 e5 12. Ne4 exd4 13. Nxf6+ 1/2-1/2

[Event "Szirak Interzonal"]
[Site "Szirak"]
[Date "1987.??.??"]
[Round "8"]
[White "Adorjan, Andras"]
[Black "Hjartarson, Johann"]
[Result "1-0"]
[WhiteElo "2540"]
[BlackElo "2550"]
[Annotator "Ribli"]
[PlyCount "91"]
[EventDate "1987.07.??"]
[EventType "tourn"]
[EventRounds "17"]
[EventCountry "HUN"]
[EventCategory "12"]
[Source "ChessBase"]
[SourceDate "1988.04.01"]
[WhiteTeamCountry "CUB"]
[BlackTeamCountry "HUN"]

1. d4 Nf6 2. Nf3 g6 3. c4 Bg7 4. g3 O-O 5. Bg2 d6 6. Nc3 Nbd7 7. O-O e5 8. h3
Re8 9. e4 exd4 10. Nxd4 Nc5 11. Re1 a5 12. b3 c6 (12... a4 13. b4 Ne6 14. Be3
Nd7 15. Rc1 $16) 13. Rb1 (13. Bf4 $5 h6 $5 (13... a4 14. b4 Ne6 15. Nxe6 Bxe6
16. Bxd6 Bxc4 17. e5 Nd7 18. Re4 $16)) 13... h6 14. Re2 Bd7 (14... a4 $5 15. b4
(15. Kh2 axb3 16. axb3 Kh7 17. f3 {/\ Be3+/-}) 15... Ne6 16. Be3 Nxd4 17. Bxd4
Be6 18. c5 $1 (18. Qd3 Nd7 19. Bxg7 Kxg7 20. f4 (20. Qxd6 Bxc4 21. Rd2 Ne5)
20... Nb6 21. Qd4+ Kg8 22. c5 dxc5 23. Qxc5 (23. Qxd8 Rexd8 24. bxc5 Nd7 25.
Rxb7 Nxc5 {/\ Rd3=/+}) 23... Nd7 24. Qe3 $10) 18... dxc5 (18... d5 $6 19. exd5
Nxd5 20. Bxg7 Kxg7 21. Nxd5 cxd5 22. Qd4+ $16) 19. bxc5 $16) 15. Bf4 Bf8 $2 (
15... Qc7 16. a3 $5) 16. Qc2 Qc8 17. Kh2 $16 Nh7 18. Rd1 Ng5 19. h4 Nge6 (19...
Nh7 20. Nf3 {/\ Qd2}) 20. Nxe6 Rxe6 21. Red2 Qc7 22. Na4 (22. Bh3 $142 $5 Rf6
23. e5 Rxf4 24. gxf4 (24. Bxd7 Rf3 25. Bg4 Rxc3 $10) 24... Bxh3 25. Kxh3 dxe5
26. f5 Qc8 27. Rd8 Qxd8 28. Rxd8 Rxd8 29. fxg6 Rd3+ 30. Kh2 fxg6 31. Ne4 $18)
22... Nxa4 23. bxa4 c5 24. e5 (24. Bh3 $142 Rf6 25. e5 $1 Rxf4 26. gxf4 Bxh3
27. Kxh3 dxe5 28. f5 Qc6 29. Rd5 $18) 24... g5 25. exd6 Qd8 26. hxg5 hxg5 27.
Be3 Ra6 28. Bxc5 Bc6 29. Bxc6 Rxc6 30. Rd5 Rh6+ 31. Kg2 Bxd6 32. Qf5 $18 b6 33.
Qxg5+ Qxg5 34. Rxg5+ Kf8 35. Bxd6+ Rhxd6 36. Rxd6 Rxd6 37. c5 $1 bxc5 38. Rxc5
Ra6 39. Re5 f6 40. Rb5 Kf7 41. g4 Kg6 42. Kg3 Ra7 43. Kf4 Ra8 44. f3 Ra7 45.
Rf5 Ra8 46. Ke4 1-0

[Event "Szirak Interzonal"]
[Site "Szirak"]
[Date "1987.??.??"]
[Round "10"]
[White "Adorjan, Andras"]
[Black "Bouaziz, Slim"]
[Result "1-0"]
[WhiteElo "2540"]
[BlackElo "2370"]
[Annotator "Ribli"]
[PlyCount "96"]
[EventDate "1987.07.??"]
[EventType "tourn"]
[EventRounds "17"]
[EventCountry "HUN"]
[EventCategory "12"]
[Source "ChessBase"]
[SourceDate "1988.04.01"]
[WhiteTeamCountry "CUB"]
[BlackTeamCountry "HUN"]

1. d4 Nf6 2. Nf3 g6 3. c4 Bg7 4. Nc3 d6 5. g3 O-O 6. Bg2 a6 7. O-O Nc6 8. b3
Rb8 9. Nd5 e6 10. Nxf6+ Qxf6 11. Bb2 e5 12. d5 Nd8 13. c5 $1 Qe7 14. cxd6 cxd6
15. Rc1 f5 16. Qc2 Nf7 17. Qc7 $1 Qxc7 18. Rxc7 $14 Rd8 (18... e4 19. Bxg7 exf3
$2 (19... Kxg7 20. Ng5) 20. Bxf8 fxg2 21. Rfc1 $18) 19. e4 fxe4 20. Nd2 Ng5 21.
Nxe4 Nxe4 22. Bxe4 Bh3 23. Rfc1 Bh6 24. R1c3 Rdc8 25. Ba3 Bf8 26. f3 Bd7 27.
Bb4 Rxc7 28. Rxc7 Be8 29. Bd2 b6 30. Be3 a5 31. Ra7 Bb5 32. Kf2 {/\ a4} a4 33.
bxa4 Bc4 34. a3 b5 35. Rc7 $1 Ra8 36. axb5 Bxb5 37. Ra7 Rxa7 38. Bxa7 Kf7 39.
h4 Be7 40. Ke3 h5 41. Bc2 g5 42. a4 Bc4 43. hxg5 Bxg5+ 44. Ke4 h4 45. gxh4 Bxh4
46. Bd3 Bb3 47. a5 Ke7 48. a6 Kd7 1-0